Guardavidas. CCT 179/1991. Entre Ríos, Santa Fé, Córdoba, La Pampa, Río Negro y Buenos Aires (excepto el partido de Gral. Pueyrredón) (Registro nro. 34267)

Detalles MARC
000 -LEADER
fixed length control field 00419 a2200109 4500
001 - CONTROL NUMBER
control field ART_51702
005 - DATE AND TIME OF LATEST TRANSACTION
control field 20260410162034.0
008 - FIXED-LENGTH DATA ELEMENTS--GENERAL INFORMATION
fixed length control field 260409a
100 1# - MAIN ENTRY--PERSONAL NAME
Personal name Godoy, Laura M.
245 10 - TITLE STATEMENT
Title Guardavidas. CCT 179/1991. Entre Ríos, Santa Fé, Córdoba, La Pampa, Río Negro y Buenos Aires (excepto el partido de Gral. Pueyrredón)
773 0# - HOST ITEM ENTRY
Title Liquidación de sueldos
Related parts - N° 177 (feb. 2021)
Record control number REV44399

No hay ítems disponibles.